Kĩ thuật 5
Sách giới thiệu chung về môn Kĩ thuật Lớp 5 và các hướng dẫn cụ thể về kĩ thuật phục vụ, nuôi gà, lắp ghép mô hình kĩ thuật. Giúp giáo viên đạt hiệu quả cao trong giảng dạy.
Zapisane w:
| 1. autor: | |
|---|---|
| Format: | Książka |
| Język: | Undetermined |
| Wydane: |
Hà Nội
Giáo dục Việt Nam
2020
|
| Hasła przedmiotowe: | |
| Etykiety: |
Dodaj etykietę
Nie ma etykietki, Dołącz pierwszą etykiete!
|
| Thư viện lưu trữ: | Trung tâm Học liệu Trường Đại học Cần Thơ |
|---|
| LEADER | 00884nam a2200217Ia 4500 | ||
|---|---|---|---|
| 001 | CTU_238910 | ||
| 008 | 210402s9999 xx 000 0 und d | ||
| 020 | |c 5000 | ||
| 082 | |a 372.358 | ||
| 082 | |b Ch300 | ||
| 100 | |a Đoàn, Chi | ||
| 245 | 0 | |a Kĩ thuật 5 | |
| 245 | 0 | |c Đoàn Chi (Chủ biên) | |
| 260 | |a Hà Nội | ||
| 260 | |b Giáo dục Việt Nam | ||
| 260 | |c 2020 | ||
| 520 | |a Sách giới thiệu chung về môn Kĩ thuật Lớp 5 và các hướng dẫn cụ thể về kĩ thuật phục vụ, nuôi gà, lắp ghép mô hình kĩ thuật. Giúp giáo viên đạt hiệu quả cao trong giảng dạy. | ||
| 650 | |a Technology,Kĩ thuật | ||
| 650 | |x Study and teaching (Elementary),Dạy và học (Tiểu học) | ||
| 904 | |i Hải | ||
| 980 | |a Trung tâm Học liệu Trường Đại học Cần Thơ | ||